000 00718nam a2200229Ia 4500
003 OSt
005 20220923230200.0
006 a|||||r|||| 00| 0
007 ta
008 220922b |||||||| |||| 00| 0 pan d
024 _a278,137
037 _cTextual
040 _aARTS
_cARTS
_bpan
041 _2pan
_apan
082 _aO153,1:g(Delta73), M9
100 _aਲਾਂਬਾ, ਗੋਬਿੰਦ ਸਿੰਘ
245 0 _aਪੰਜਾਬੀ ਸੂਖ਼ੀ ਤੇ ਕਿੱਸਾ ਕਾਵਿ
260 _c1989
650 _aਪੰਜਾਬੀ ਸਾਹਿਤ
942 _hO153,1:g(Delta73), M9
_cTEXL
_2CC
999 _c383094
_d383094